Movies Quiz

Random Movies or Clickable Quiz

5-Star Movie Villains Quiz Stats

 Plays Quiz Updated May 19, 2014

     
Support Sporcle.
Go Orange.
Score 0/40 Timer 08:00
3 Plays Today
% Correct
Voldemort
94.9%
Joker
92.7%
Darth Vader
92.5%
Gollum
92.5%
Jabba the Hutt
90.7%
Captain Barbossa
90.7%
Auric Goldfinger
90.6%
Draco Malfoy
90.4%
Megatron
90.2%
Professor Quirrell
90%
Blackbeard
89.6%
Green Goblin
89.4%
Sauron
88.9%
Penguin
88.5%
Bellatrix Lestrange
88%
Boba Fett
87.8%
Davy Jones
87.7%
Galvatron
87.6%
Dr. No
87.5%
Two-Face
87%
% Correct
Saruman
86.6%
Doctor Octopus
86.4%
Bane
86.2%
Sentinel Prime
85.9%
The Balrog
84.1%
Alec Trevelyan 006
83.7%
Venom
83.4%
Count Dooku
82.2%
General Grievous
78.7%
The Kraken
78.1%
Scarecrow
76.8%
Ernst Stavro Blofeld
76.1%
Electro
76.1%
Lizard
75.3%
Wormtail
75.2%
Lord Cutler Beckett
74.1%
Starscream
73.7%
The Witch-King
73.1%
Raoul Silva
68.7%
The Fallen
64.4%

From the Vault

The Vampire Strikes Back!

by rockgolf

Holiday 7m
This is a quiz to sink your teeth into.
Remove Ads.
Support Sporcle.
Get the best of Sporcle when you Go Orange. This ad-free experience offers more features, more stats, and more fun while also helping to support Sporcle. Thank you for becoming a member.

Show Comments

Extras

Top Quizzes Today


Score Distribution

Your Account Isn't Verified!

In order to create a playlist on Sporcle, you need to verify the email address you used during registration. Go to your Sporcle Settings to finish the process.

Report this User

Report this user for behavior that violates our Community Guidelines.

Details: